00659nam a2200193Ia 450000500170000000800460001702000180006303700100008104000180009104100130010908400080012210000270013024500780015726000210023585600870025694200100034399900210035395200910037420260114185610.0008 260114s9999 xx 000 0 eng d a9781350015784 aEBOOK aCRLbengcCRL aeng2eng qCRL aIrene Guenther9872039 0aPostcards from the Trenches A German Soldier?s Testimony of the Great War bBloomsburyc2018 uhttps://doi.org/10.5040/9781350015784?locatt=label:secondary_bloomsburyCollections cEBOOK c1470987d1470987 00104070aCRLbCRLd2026-01-14l0pCL1846684r2026-01-14 18:56:10w2026-01-14yEBOOK